| 000 | 00961nam a2200229Ia 4500 | ||
|---|---|---|---|
| 003 | Ost | ||
| 005 | 20260507075745.0 | ||
| 008 | 260507s9999||||xx |||||||||||||| ||und|| | ||
| 020 | _a1042209961 | ||
| 040 | _cfsecg | ||
| 041 | _aara | ||
| 082 | _a330 | ||
| 100 |
_aجلاطو، جيلالي _eمؤلف |
||
| 245 | 0 |
_aالإحصاء مع تمارين ومسائل محلولة / _c جيلالي جلاطو |
|
| 250 | _aطبعة 7 | ||
| 260 |
_aالجزائر: _bديوان المطبوعات الجامعية, _c2007 |
||
| 300 |
_a205 صفحة؛ _bإيضاحات ؛ _c27 سم |
||
| 520 | _aعرض البيانات الإحصائية- خصائص النزعة المركزية- مقاييس التشتت والشكل والأرقام القياسية- الإنحدار والإرتباط- السلاسل الزمنية. | ||
| 653 | _aالإحصاء - المعاملات الإرتباطية | ||
| 653 | _aالإحصاء الوصفي | ||
| 942 | _cكتاب | ||
| 999 |
_c46187 _d46187 |
||